000 00439nam a22001817a 4500
005 20250829141927.0
008 250829b |||||||| |||| 00| 0 eng d
037 _cTB
040 _aCRL
_cCRL
041 _2eng
_aeng
084 _qCRL
100 _aRead, Herbert
245 _aWords worth
260 _aLondon, UK:
_bFaser & faser,
_c1970.
300 _a112p.
942 _2CC
_cTB
_n0
999 _c1434989
_d1434989